000 00545nam a22001817a 4500
003 OSt
005 20220107122852.0
008 190628b xxu||||| |||| 00| 0 eng d
040 _cIIITMK
100 _aAnitta James (92317002)
_916024
245 _aSpatial prediction of soil properties using machine learning approach
300 _aMSC GIS 2017-2019
502 _bMSC GIS
_c2017-2019
_dINT
_eRadhakrishnan T
650 _aSPATIAL PREDICTION
_916025
650 _aORDINARY KRIGING
_916026
650 _aMACHINE LEARNING
_916027
942 _2ddc
_cPR
999 _c6536
_d6536